| 000 | 03051nam a22002417a 4500 | ||
|---|---|---|---|
| 005 | 20140829102456.0 | ||
| 008 | 150814 | 2012 ck spa | ||
| 020 | _a9789581803880 | ||
| 041 | _aspa | ||
| 044 | _ack | ||
| 082 |
_a323.3 _bC71p |
||
| 110 |
_aColombia _bDepartamento Nacional de Planeación-DNP _926109 |
||
| 245 |
_aPlan Nacional de Desarrollo 2010 - 2014 Anexo IV. Acuerdos con los Pueblos Indígenas: _bBases para el Programa de Garantías de los Derechos Fundamentales de los Pueblos Indígenas _c |
||
| 260 |
_aBogotá D.C _bPresidencia República de Colombia _bVicepresidencia República de Colombia _c2012 |
||
| 300 |
_a106 p. _bFot (col.), mapas, tablas. _c28 cm. |
||
| 490 |
_aColección Cuadernos Legislación y Pueblos indígenas de Colombia _v2 |
||
| 650 | 6 |
_aIndígenas de Colombia _926110 |
|
| 650 | 6 |
_aAcuerdos de paz _925499 |
|
| 650 | 6 |
_aDesarrollo regional _916300 |
|
| 700 |
_a _926111 |
||
| 710 |
_aColombia _bPrograma Presidencial para la Formulación de Estrategias y Acciones para el Desarrollo Integral de los Pueblos Indígenas de Colombia _926112 |
||
| 942 |
_2ddc _cLIBRO |
||
| 999 |
_c8603 _d8603 |
||